[Event "Sanxenxo Carlos op 10th"]
[Site "Sanxenxo"]
[Date "2018.06.16"]
[Round "1"]
[White "Moreira Martinez, Xose Ramon"]
[Black "Narciso Dublan, Marc"]
[Result "0-1"]
[WhiteElo "1828"]
[BlackElo "2468"]
[PlyCount "76"]
[EventDate "2018.06.16"]
[EventType "swiss"]
[EventRounds "9"]
[EventCountry "ESP"]
[SourceTitle "CBM 185 Extra"]
[Source "ChessBase"]
[SourceDate "2018.07.29"]
[SourceVersion "1"]
[SourceVersionDate "2018.07.29"]
[SourceQuality "1"]

1. d4 f5 2. c4 Nf6 3. Nc3 e6 4. Nf3 Bb4 5. Bd2 0-0 6. e3 b6 7. Be2 Bb7 8. a3 Bxc3 9. Bxc3 Ne4 10. d5 Nxc3 11. bxc3 Na6 12. 0-0 Nc5 13. a4 Qf6 14. Qd4 Qe7 15. Rfb1 d6 16. Bd1 a5 17. Bc2 Rae8 18. Re1 Qf7 19. Rad1 h6 20. h4 Qh5 21. Qf4 Ne4 22. g4 Qxg4+ 23. Qxg4 fxg4 24. Bxe4 gxf3 25. Kh2 Ba6 26. dxe6 Bxc4 27. Bd5 Bxd5 28. Rxd5 Rxe6 29. Rg1 Kh7 30. Rg4 Rxe3 31. Rc4 Re2 32. Kg3 Rf7 33. Rd3 Re5 34. Rxf3 Rxf3+ 35. Kxf3 Rc5 36. Rg4 Rxc3+ 37. Ke2 d5 38. Rd4 c6 0-1